000 01170nam a2200313 a 4500
001 000115401
003 CHAP
005 20220329144533.0
008 190517s2018 mx |sm |||||||spa d
010 _a111862
011 _a112834
040 _cCHAP
090 _aTesis
100 1 _aAguilar Delgadillo, Miguel Ángel.
_9135647
245 1 0 _aExpectativas y opiniones de los docentes de educación básica sobre la maestría en competencias educativas
_h[En línea]
_cpor Miguel Ángel Aguilar Delgadillo.
260 _aChapingo, Méx. :
_bEl autor,
_c2018.
500 _aPara ver el contenido del material haga clic en la liga
502 _aTesis (Ph. D. en Educación Agrícola Superior) -- UACH. Departamento de Sociología Rural
590 _aE6337LMJ
_b05
_c20190517
_lUCH01
_h1450
590 _aE6337LMJ
_b05
_c20190517
_lUCH01
_h1451
650 1 4 _aAprendizaje
_xEvaluación
_96371
650 1 4 _aEducacion superior
_zCalidad.
_935403
650 1 4 _aEnseñanza
_xMetodología.
_937086
650 1 4 _aRendimiento escolar.
_995908
856 _aFinding aid
_uhttp://10.13.5.2/tesis/sist115401.pdf
_zTeclea aquí
901 _aBK
942 _cTESIS
942 _n0
999 _c111862
_d111862